000 00380nam a2200145Ia 4500
008 100122s9999 xx 000 0 und d
082 _b24047
_a823
100 _aBULGAKOR MIKHAIL
245 _aTHE MASTER AND MARGARITA
260 _bCOLLINS & HARVILL PRESS
_c1967
300 _a445
630 _aTHE MASTER AND MARGARITA
730 _aTHE MASTER AND MARGARITA
942 _cBOOK
999 _c367331
_d367328